Every Fire Emblem Weapon/Magic - Statistics

General Stats
  • This quiz has been taken 83 times
  • The average score is 175 of 404
Answer Stats
Game Introduced Type Weapon % Correct
Shadow Dragon and the Blade of Light Sword Falchion
98%
Shadow Dragon and the Blade of Light Magic Fire
98%
Shadow Dragon and the Blade of Light Sword Iron Sword
98%
Shadow Dragon and the Blade of Light Sword Steel Sword
98%
Shadow Dragon and the Blade of Light Lance Iron Lance
96%
Genealogy of the Holy War Magic Lightning
96%
Shadow Dragon and the Blade of Light Sword Silver Sword
96%
Shadow Dragon and the Blade of Light Magic Thunder
96%
Shadow Dragon and the Blade of Light Lance Silver Lance
94%
Gaiden Lance Steel Lance
94%
Shadow Dragon and the Blade of Light Magic Thoron
94%
Shadow Dragon and the Blade of Light Axe Iron Axe
92%
Shadow Dragon and the Blade of Light Bow Iron Bow
92%
Mystery of the Emblem Axe Silver Axe
92%
Shadow Dragon and the Blade of Light Axe Steel Axe
92%
Shadow Dragon and the Blade of Light Bow Steel Bow
92%
Genealogy of the Holy War Magic Wind
92%
Genealogy of the Holy War Lance Brave Lance
90%
Gaiden Sword Brave Sword
90%
Mystery of the Emblem Lance Killer Lance
90%
Shadow Dragon and the Blade of Light Sword Killing Edge
90%
Shadow Dragon and the Blade of Light Bow Silver Bow
90%
Genealogy of the Holy War Magic Elwind
88%
Thracia 776 Axe Killer Axe
88%
Gaiden Magic Nosferatu
88%
Shadow Dragon and the Blade of Light Sword Rapier
88%
Shadow Dragon and the Blade of Light Sword Armorslayer
86%
Genealogy of the Holy War Axe Brave Axe
86%
Genealogy of the Holy War Bow Brave Bow
86%
Shadow Dragon and the Blade of Light Magic Elfire
86%
Genealogy of the Holy War Magic Elthunder
86%
Shadow Dragon and the Blade of Light Axe Hand Axe
86%
Shadow Dragon and the Blade of Light Lance Javelin
86%
Shadow Dragon and the Blade of Light Sword Levin Sword
86%
Gaiden Lance Luna
86%
The Blazing Blade Magic Luna
86%
Genealogy of the Holy War Magic Meteor
86%
Path of Radiance Sword Ragnell
86%
Shadow Dragon and the Blade of Light Magic Aura
84%
Shadow Dragon and the Blade of Light Magic Bolganone
84%
Shadow Dragon and the Blade of Light Magic Excalibur
84%
Mystery of the Emblem Bow Killer Bow
84%
Genealogy of the Holy War Magic Bolting
82%
Radiant Dawn Sword Bronze Sword
82%
Genealogy of the Holy War Sword Light Brand
82%
Shadow Dragon and the Blade of Light Sword Mercurius
82%
Shadow Dragon and the Blade of Light Bow Parthia
82%
The Blazing Blade Lance Spear
82%
Shadow Dragon and the Blade of Light Lance Horseslayer
80%
Thracia 776 Bow Longbow
80%
The Blazing Blade Sword Mani Katti
80%
Gaiden Lance Sol
80%
Path of Radiance Sword Alondite
78%
Shadow Dragon and the Blade of Light Axe Devil Axe
78%
Shadow Dragon and the Blade of Light Lance Gradivus
78%
Genealogy of the Holy War Sword Tyrfing
78%
Radiant Dawn Magic Arcfire
76%
The Blazing Blade Sword Sol Katti
76%
The Binding Blade Axe Tomahawk
76%
Radiant Dawn Magic Arcthunder
73%
The Binding Blade Axe Armads
73%
The Binding Blade Sword Binding Blade
73%
Shadow Dragon and the Blade of Light Magic Blizzard
73%
Radiant Dawn Lance Bronze Lance
73%
Radiant Dawn Axe Bronze Axe
71%
The Binding Blade Sword Durandal
71%
The Sacred Stones Lance Siegmund
71%
Radiant Dawn Magic Arcwind
69%
Radiant Dawn Knife Iron Knife
69%
Three Houses Lance Lance of Ruin
69%
The Sacred Stones Sword Sieglinde
69%
Radiant Dawn Knife Steel Knife
69%
Shadow Dragon and the Blade of Light Sword Devil Sword
67%
Radiant Dawn Knife Iron Dagger
67%
The Binding Blade Sword Lancereaver
67%
Three Houses Lance Luin
67%
Thracia 776 Bow Short Bow
67%
Three Houses Sword Sword of the Creator
67%
Radiant Dawn Bow Bronze Bow
65%
The Binding Blade Magic Flux
65%
Radiant Dawn Magic Thani
65%
Genealogy of the Holy War Magic Valflame
65%
Path of Radiance Axe Bolt Axe
63%
Radiant Dawn Sword Caladbolg
63%
Path of Radiance Knife Dagger
63%
Three Houses Bow Failnaught
63%
The Binding Blade Magic Fimbulvetr
63%
Shadow Dragon and the Blade of Light Axe Hammer
63%
Genealogy of the Holy War Magic Naga
63%
Gaiden Magic Seraphim
63%
Path of Radiance Sword Trainer
63%
Thracia 776 Sword Venin Edge
63%
The Binding Blade Lance Axereaver
61%
Genealogy of the Holy War Sword Balmung
61%
Radiant Dawn Knife Silver Knife
61%
The Binding Blade Axe Swordreaver
61%
Genealogy of the Holy War Bow Yewfelle
61%
The Binding Blade Magic Aureola
59%
Three Houses Axe Aymr
59%
Three Houses Axe Crusher
59%
Three Houses Magic Dark Spikes
59%
The Binding Blade Magic Forblaze
59%
Genealogy of the Holy War Magic Forseti
59%
Genealogy of the Holy War Sword Iron Blade
59%
Engage Sword Liberation
59%
Thracia 776 Axe Poleaxe
59%
The Blazing Blade Lance Short Spear
59%
Genealogy of the Holy War Sword Silver Blade
59%
Genealogy of the Holy War Sword Slim Sword
59%
Genealogy of the Holy War Sword Steel Blade
59%
Genealogy of the Holy War Sword Earth Sword
57%
The Sacred Stones Axe Garm
57%
Shadow Dragon Axe Hauteclere
57%
Mystery of the Emblem Sword LadyBlade
57%
Genealogy of the Holy War Magic Mjolnir
57%
Radiant Dawn Magic Rexcalibur
57%
Gaiden Sword Royal Sword
57%
Path of Radiance Knife Stiletto
57%
Genealogy of the Holy War Magic Tornado
57%
Thracia 776 Axe Venin Axe
57%
The Binding Blade Sword Wo Dao
57%
The Blazing Blade Axe Wolf Beil
57%
Gaiden Lance Blessed Lance
55%
Three Houses Magic Death
55%
Three Houses Axe Freikugel
55%
Gaiden Sword Holy Sword
55%
Radiant Dawn Axe Iron Poleaxe
55%
Genealogy of the Holy War Magic Loptous
55%
Three Houses Magic Ragnarok
55%
Gaiden Magic Sagittae
55%
The Blazing Blade Magic Shine
55%
Mystery of the Emblem Lance Slim Lance
55%
Thracia 776 Lance Venin Lance
55%
Shadow Dragon and the Blade of Light Sword Wyrmslayer
55%
The Binding Blade Magic Apocalypse
53%
Three Houses Lance Areadbhar
53%
Gaiden Lance Astra
53%
Gaiden Bow Blessed Bow
53%
Three Houses Sword Blutgang
53%
Genealogy of the Holy War Lance Gungnir
53%
The Binding Blade Bow Mulagir
53%
Genealogy of the Holy War Sword Mystletainn
53%
Path of Radiance Axe Short Axe
53%
Radiant Dawn Knife Silver Dagger
53%
Radiant Dawn Axe Steel Poleaxe
53%
Three Houses Axe Training Axe
53%
Three Houses Bow Training Bow
53%
Three Houses Lance Training Lance
53%
Thracia 776 Bow Venin Bow
53%
Path of Radiance Sword Amiti
51%
Radiant Dawn Bow Crossbow
51%
Three Houses Magic Hades
51%
Path of Radiance Knife Knife
51%
The Binding Blade Lance Maltet
51%
Three Houses Magic Miasma
51%
The Sacred Stones Bow Nidhogg
51%
Path of Radiance Magic Rexbolt
51%
Radiant Dawn Axe Silver Poleaxe
51%
Radiant Dawn Knife Bronze Knife
49%
Path of Radiance Lance Flame Lance
49%
Echoes: Shadow of Valentia Sword Golden Dagger
49%
Genealogy of the Holy War Axe Helswath
49%
Radiant Dawn Magic Rexflame
49%
The Binding Blade Sword Runesword
49%
Path of Radiance Sword Vague Katti
49%
Three Houses Magic Agnea's Arrow
47%
The Binding Blade Magic Eclipse
47%
The Blazing Blade Lance Heavy Spear
47%
Shadow Dragon and the Blade of Light Magic Swarm
47%
Three Houses Sword Thunderbrand
47%
Genealogy of the Holy War Sword Wind Sword
47%
The Binding Blade Magic Divine
45%
Radiant Dawn Sword Ettard
45%
Genealogy of the Holy War Sword Flame Sword
45%
The Sacred Stones Magic Gleipnir
45%
Radiant Dawn Lance Iron Greatlance
45%
Path of Radiance Sword Laguzslayer
45%
The Blazing Blade Sword Longsword
45%
Awakening Magic Mire
45%
Three Houses Magic Mire
45%
Awakening Sword Missiletainn
45%
The Sacred Stones Lance Reginleif
45%
Three Houses Lance Spear of Assal
45%
Shadow Dragon and the Blade of Light Magic Starlight
45%
Radiant Dawn Lance Steel Greatlance
45%
The Sacred Stones Lance Vidofnir
45%
Shadow Dragon Lance Wing Spear
45%
Radiant Dawn Knife Bronze Dagger
43%
Radiant Dawn Magic Cymbeline
43%
The Binding Blade Sword Eckesachs
43%
Genealogy of the Holy War Magic Fenrir
43%
The Sacred Stones Axe Hatchet
43%
Thracia 776 Sword Mareeta's Sword
43%
Path of Radiance Sword Regal Sword
43%
Radiant Dawn Sword Wind Edge
43%
The Sacred Stones Sword Audhulma
41%
Path of Radiance Bow Double Bow
41%
Radiant Dawn Magic Ellight
41%
Thracia 776 Axe Master Axe
41%
Thracia 776 Lance Master Lance
41%
Mystery of the Emblem Sword Master Sword
41%
The Binding Blade Magic Purge
41%
Three Houses Sword Sword of Zoltan
41%
Three Houses Bow The Inexhaustible
41%
Three Houses Axe Axe of Ukonvasara
39%
Mystery of the Emblem Sword Broken Sword
39%
Thracia 776 Lance Dragonspear
39%
New Mystery of the Emblem Sword Glass Sword
39%
The Sacred Stones Magic Ivaldi
39%
Path of Radiance Magic Rexaura
39%
The Blazing Blade Lance Rex Hasta
39%
Path of Radiance Bow Rolf's Bow
39%
Radiant Dawn Axe Urvan
39%
Three Houses Magic Abraxas
37%
Three Houses Axe Axe of Zoltan
37%
Mystery of the Emblem Lance Broken Lance
37%
Awakening Lance Ephraim's Lance
37%
New Mystery of the Emblem Axe Glass Axe
37%
New Mystery of the Emblem Lance Glass Lance
37%
Thracia 776 Magic Grafcalibur
37%
Three Houses Lance Lance of Zoltan
37%
Thracia 776 Sword Long Sword
37%
Mystery of the Emblem Axe Broken Axe
35%
Mystery of the Emblem Bow Broken Bow
35%
Thracia 776 Magic Dire Thunder
35%
New Mystery of the Emblem Bow Glass Bow
35%
Awakening Axe Hector's Axe
35%
Awakening Sword Leif's Blade
35%
Awakening Lance Log
35%
Radiant Dawn Knife Peshkatz
35%
Echoes: Shadow of Valentia Bow Radiant Bow
35%
Three Houses Sword Sword of Moralta
35%
Thracia 776 Axe Vouge
35%
The Blazing Blade Axe Basilikos
33%
Thracia 776 Sword Beo Sword
33%
Three Houses Bow Bow of Zoltan
33%
Awakening Sword Eirika's Blade
33%
Awakening Sword Eliwood's Blade
33%
Radiant Dawn Sword Florete
33%
Path of Radiance Axe Laguz Axe
33%
The Blazing Blade Magic Luce
33%
Radiant Dawn Bow Lughnasadh
33%
Echoes: Shadow of Valentia Sword Rusted Sword
33%
Mystery of the Emblem Magic Shaver
33%
Thracia 776 Sword Short Sword
33%
Path of Radiance Sword Sonic Sword
33%
Radiant Dawn Sword Storm Sword
33%
Radiant Dawn Axe Tarvos
33%
Path of Radiance Lance Wishblade
33%
Gaiden Sword Darkness Sword
31%
The Blazing Blade Axe Dragon Axe
31%
The Blazing Blade Magic Gespenst
31%
Awakening Sword Noble Rapier
31%
The Blazing Blade Bow Rienfleche
31%
Awakening Sword Roy's Blade
31%
Echoes: Shadow of Valentia Axe Rusted Axe
31%
Echoes: Shadow of Valentia Bow Rusted Bow
31%
Echoes: Shadow of Valentia Lance Rusted Lance
31%
The Sacred Stones Sword Shamshir
31%
The Binding Blade Magic Aircalibur
29%
The Binding Blade Sword Al's Sword
29%
Thracia 776 Sword Bragi Sword
29%
Awakening Magic Celica's Gale
29%
Genealogy of the Holy War Lance Gae Borg
29%
Engage Axe Hurricane Axe
29%
Engage Magic Obscurite
29%
Engage Lance Represailles
29%
Awakening Magic Ruin
29%
Awakening Sword Seliph's Blade
29%
Awakening Lance Sigurd's Lance
29%
Engage Sword Wille Glanz
29%
Genealogy of the Holy War Sword Wing Clipper
29%
Awakening Axe Wolf Berg
29%
Radiant Dawn Knife Beast Killer
27%
Shadow Dragon and the Blade of Light Bow Bowgun
27%
Engage Magic Elsurge
27%
Thracia 776 Sword Great Sword
27%
Awakening Magic Micaiah's Pyre
27%
The Blazing Blade Sword Regal Blade
27%
Echoes: Shadow of Valentia Lance Rhomphaia
27%
Three Houses Sword Sublime Creator Sword
27%
Engage Magic Surge
27%
Three Houses Sword Sword of Begalta
27%
Three Houses Bow Tathlum Bow
27%
Genealogy of the Holy War Sword Thief Sword
27%
Engage Lance Venomous
27%
Echoes: Shadow of Valentia Sword Zweihander
27%
Awakening Sword Alm's Blade
24%
Three Houses Magic Banshee
24%
The Binding Blade Lance Gant's Lance
24%
Awakening Bow Inne's Bow
24%
Radiant Dawn Bow Iron Longbow
24%
Genealogy of the Holy War Magic Jormungandr
24%
Three Houses Axe Mace
24%
Engage Magic Nova
24%
Awakening Axe Orsin's Hatchet
24%
Engage Axe Revanche
24%
Radiant Dawn Bow Silver Longbow
24%
Radiant Dawn Bow Steel Longbow
24%
Awakening Axe Vengeance
24%
Awakening Bow Wolt's Bow
24%
Three Houses Lance Arrow of Indra
22%
Echoes: Shadow of Valentia Sword Beloved Sofia
22%
Echoes: Shadow of Valentia Lance Clair's Lance
22%
Echoes: Shadow of Valentia Lance Clive's Lance
22%
Engage Axe Compact Axe
22%
Echoes: Shadow of Valentia Lance Fernand's Lance
22%
Awakening Magic Goetia
22%
Thracia 776 Lance Great Lance
22%
Thracia 776 Sword King Sword
22%
Genealogy of the Holy War Sword Sleep Sword
22%
Mystery of the Emblem Sword Sword Killer
22%
Radiant Dawn Magic Valaura
22%
Awakening Sword Amatsu
20%
Radiant Dawn Magic Balberith
20%
Genealogy of the Holy War Sword Barrier Blade
20%
Engage Sword Georgios
20%
New Mystery of the Emblem Magic Katarina's Book
20%
Awakening Axe Ladle
20%
Echoes: Shadow of Valentia Lance Saunion
20%
Awakening Lance Shockstick
20%
Awakening Magic Waste
20%
New Mystery of the Emblem Axe Barst's Axe
18%
Engage Lance Brionac
18%
Radiant Dawn Magic Carreau
18%
Awakening Magic Katarina's Bolt
18%
Engage Bow Lendabair
18%
Awakening Lance Miniature Lance
18%
Three Houses Lance Scythe of Sariel
18%
Radiant Dawn Sword Tempest Blade
18%
Awakening Bow Towering Bow
18%
Awakening Magic Aversa's Night
16%
Radiant Dawn Knife Baselard
16%
Thracia 776 Axe Battle Axe
16%
Three Houses Sword Cursed Ashiya Sword
16%
Thracia 776 Sword Elite Sword
16%
The Blazing Blade Axe Emblem Axe
16%
The Blazing Blade Sword Emblem Blade
16%
The Blazing Blade Lance Emblem Lance
16%
Engage Axe Fragarach
16%
Thracia 776 Bow Great Bow
16%
Echoes: Shadow of Valentia Sword Ilwoon
16%
Engage Sword Lyration
16%
Echoes: Shadow of Valentia Bow Python's Bow
16%
Radiant Dawn Bow Silencer
16%
Awakening Axe Titania's Axe
16%
Awakening Sword Tree Branch
16%
Radiant Dawn Bow Aqqar
14%
Radiant Dawn Bow Arbalest
14%
Three Houses Lance Crescent Sickle
14%
Awakening Magic Dying Blaze
14%
The Blazing Blade Bow Emblem Bow
14%
New Mystery of the Emblem Bow Gordin's Bow
14%
Awakening Axe Imposing Axe
14%
Thracia 776 Lance Long Lance
14%
New Mystery of the Emblem Magic Nurufire
14%
New Mystery of the Emblem Sword Ogma's Sword
14%
Genealogy of the Holy War Sword Safeguard
14%
Awakening Sword Soothing Sword
14%
Radiant Dawn Magic Verrine
14%
Awakening Axe Volant Axe
14%
Awakening Magic Wilderwind
12%
New Mystery of the Emblem Lance Draug's Lance
12%
Awakening Lance Finn's Lance
12%
New Mystery of the Emblem Sword Luke's Sword
12%
New Mystery of the Emblem Magic Merric's Book
12%
New Mystery of the Emblem Bow Quick Bow
12%
New Mystery of the Emblem Lance Quick Lance
12%
New Mystery of the Emblem Sword Quick Sword
12%
Echoes: Shadow of Valentia Axe Splitting Axe
12%
Radiant Dawn Bow Taksh
12%
New Mystery of the Emblem Sword Cecil's Sword
10%
Engage Lance Fensalir
10%
New Mystery of the Emblem Lance Flycatcher
10%
Engage Sword Folkvangr
10%
Echoes: Shadow of Valentia Bow Mila's Bow
10%
Awakening Bow Slack Bow
10%
Awakening Axe Superior Axe
10%
Awakening Bow Superior Bow
10%
Awakening Sword Superior Edge
10%
New Mystery of the Emblem Sword Bamboo Sword
8%
New Mystery of the Emblem Axe Bord'n'Cord Axe
8%
New Mystery of the Emblem Bow Clarisse's Bow
8%
New Mystery of the Emblem Axe Frying Pan
8%
New Mystery of the Emblem Lance Laundry Pole
8%
Engage Axe Noatun
8%
Genealogy of the Holy War Sword Prayer Sword
8%
New Mystery of the Emblem Lance Roderick's Lance
8%
New Mystery of the Emblem Bow Ryan's Bow
8%
Awakening Magic Superior Jolt
8%
Awakening Lance Superior Lance
8%
New Mystery of the Emblem Bow Toy Bow
8%
Awakening Bow Underdog Bow
8%
New Mystery of the Emblem Lance Camus's Lance
6%
New Mystery of the Emblem Bow Cleave Bow
6%
New Mystery of the Emblem Axe Legion's Axe
6%
Echoes: Shadow of Valentia Lance Trainee's Lance
6%
New Mystery of the Emblem Axe Hit Axe
4%
New Mystery of the Emblem Axe Immortal Axe
4%
New Mystery of the Emblem Sword Obtuse Sword
4%
Engage Sword Oligoludia
4%
New Mystery of the Emblem Sword Pure Sword
4%
New Mystery of the Emblem Magic Yurublizzard
4%
Genealogy of the Holy War Sword Beserk Sword
0%
No matching quizzes found
Score Distribution
Percent of People with Each Score
Percentile by Number Answered
Your Score History
You have not taken this quiz